000 00700nam a22002297a 4500
003 UA-OsUOA
001 98970
007 ta
008 20130422b un ||||| |||| 00| 0 ukr d
100 _aРоготченко А.
090 _a821.161.1
_bР59
942 _cBK
040 _aUA-OsUOA
_brus
_cUA-OsUOA
_dUA-OsUOA
245 _aЩедрой души человек
_bповесть, фронтовый рассказы, военные были
300 _a287 с.
955 _a3
041 _arus
080 _a821.161.1
260 _aК.
_bРадянський письменник
_c1985
650 7 _a82 Література. Літературознавство
_2UDC
999 _c385021
_d385021